00444nam a2200157Ia 45000010006000000050017000060080041000230410008000640820018000721000037000902450106001272600009002333000028002426500008002706540008002782518920260414151133.0260414t2016||||xx |||||||||||||| ||spa|| aESP a346.35bCH578 aChunga Lamonja, Fermín G.eAUT 0aComentarios al código de los niños y adolescentes :bla infracción penal y los derechos humanos c2016 a665 páginas :c25 cm. aDER aCDE